Viszontválasz Nemes Imre "Válasz Böhm Károly úr bírálatára" című levelére
Elmentve itt :
| Szerző: | |
|---|---|
| Adatforrás: | Philobibl |
| Forrásdokumentuma: | Magyar Philosophiai Szemle 1884. p. 456-457. |
| Dokumentumtípus: | Cikk |
| Nyelv: | magyar |
| Megjelent: |
1884
|
| LEADER | 00363nab a2200109 c 4500 | ||
|---|---|---|---|
| 001 | bibPHI0034372 | ||
| 005 | 20200924123324.8 | ||
| 008 | 090513s1884 hu hun | ||
| 100 | 1 | |a Böhm Károly | |
| 245 | 1 | 0 | |a Viszontválasz Nemes Imre "Válasz Böhm Károly úr bírálatára" című levelére |c Böhm Károly |
| 260 | |a 1884 | ||
| 773 | 0 | |t Magyar Philosophiai Szemle |g 1884. p. 456-457. | |